[Event "Tradewise Gibraltar ChallWk2"]
[Site "Gibraltar"]
[Date "2016.02.01"]
[Round "3.11"]
[White "Lung, Liviu-Catalin"]
[Black "Broekman, Willem"]
[Result "0-1"]
[WhiteElo "2141"]
[BlackElo "1978"]
[PlyCount "118"]
[EventDate "2016.01.30"]
[EventType "swiss"]
[EventRounds "5"]
[EventCountry "GGB"]
[SourceTitle "BritBase"]
[Source "www.saund.co.uk"]
[SourceDate "2018.02.10"]
[SourceVersion "1"]
[SourceVersionDate "2018.02.10"]
[SourceQuality "1"]

1. e4 e6 2. d4 d5 3. exd5 exd5 4. Bd3 Bd6 5. Nf3 Ne7 6. O-O O-O 7. Bg5 f6 8.
Bh4 Bf5 9. Nc3 c6 10. Re1 Bxd3 11. Qxd3 Nd7 12. Re6 Qc7 13. Bg3 Bxg3 14. hxg3
Rfe8 15. Rae1 Nf8 16. R6e2 Qd7 17. Na4 b6 18. c4 Kf7 19. c5 b5 20. Nc3 Neg6 21.
Nd1 Rxe2 22. Rxe2 Re8 23. Rxe8 Qxe8 24. Ne3 Ne7 25. Qa3 Qd7 26. Qa5 Ne6 27. a4
bxa4 28. Qxa4 Qb7 29. b3 a6 30. Nc2 Qb5 31. Nb4 a5 32. Qxb5 cxb5 33. Nc2 Ke8
34. Kf1 Kd7 35. Ke2 Kc6 36. Kd3 b4 37. Ne3 Kb5 38. Kc2 a4 39. bxa4+ Kxa4 40.
Kb2 Kb5 41. Kb3 Nc6 42. Nf5 Ka5 43. Kb2 Ka4 44. Ne3 Ncxd4 45. Nxd4 Nxd4 46.
Nxd5 Kb5 47. Nf4 Kxc5 48. Nh5 Ne6 49. f4 f5 50. g4 g6 51. gxf5 gxf5 52. g3 Kd4
53. Nf6 h6 54. Kb3 Ke3 55. Ng8 h5 56. Nf6 Ng7 57. Kxb4 Kf3 58. Kc3 Kxg3 59. Kd2
h4 0-1

[Event "Tradewise Gibraltar ChallWk2"]
[Site "Gibraltar"]
[Date "2016.02.01"]
[Round "3.12"]
[White "Hamer, Martyn"]
[Black "Sanghera, Parminder"]
[Result "1-0"]
[WhiteElo "2058"]
[BlackElo "2112"]
[PlyCount "103"]
[EventDate "2016.01.30"]
[EventType "swiss"]
[EventRounds "5"]
[EventCountry "GGB"]
[SourceTitle "BritBase"]
[Source "www.saund.co.uk"]
[SourceDate "2018.02.10"]
[SourceVersion "1"]
[SourceVersionDate "2018.02.10"]
[SourceQuality "1"]

1. e4 d5 2. Nc3 dxe4 3. Nxe4 Nf6 4. Nxf6+ exf6 5. Nf3 g6 6. Bc4 Be7 7. O-O O-O
8. d4 Bg4 9. Be3 f5 10. Be2 Bf6 11. c3 Nc6 12. Qd2 Re8 13. Rfe1 Ne7 14. Rad1 c6
15. Bf4 Qa5 16. a3 Nd5 17. Bh6 Bh8 18. Ne5 Bxe2 19. Rxe2 Re6 20. Rde1 Rae8 21.
Nd3 Qc7 22. Nc5 R6e7 23. Rxe7 Rxe7 24. Rxe7 Qxe7 25. Bg5 Bf6 26. Bxf6 Nxf6 27.
f3 Nd5 28. Nd3 h5 29. Qe1 Qg5 30. h4 Qd8 31. g3 f4 32. Nxf4 Nxf4 33. gxf4 Qf6
34. Qg3 Qf5 35. Kg2 a5 36. Kh2 b5 37. Kg2 Kh7 38. Kh2 b4 39. axb4 axb4 40. cxb4
Qf6 41. Qg5 Qxd4 42. Kg3 Qxb4 43. Qf6 Qe1+ 44. Kg2 Qd2+ 45. Kg3 Qd5 46. Qe5 Qd8
47. f5 g5 48. f6 Qd5 49. Qxg5 Qxg5+ 50. hxg5 c5 51. Kh4 Kg6 52. b3 1-0

[Event "Tradewise Gibraltar ChallWk2"]
[Site "Gibraltar"]
[Date "2016.02.01"]
[Round "3.13"]
[White "Kandic, Milan"]
[Black "Gaspar, Ioan-Dan"]
[Result "0-1"]
[WhiteElo "2109"]
[BlackElo "1486"]
[PlyCount "79"]
[EventDate "2016.01.30"]
[EventType "swiss"]
[EventRounds "5"]
[EventCountry "GGB"]
[SourceTitle "BritBase"]
[Source "www.saund.co.uk"]
[SourceDate "2018.02.10"]
[SourceVersion "1"]
[SourceVersionDate "2018.02.10"]
[SourceQuality "1"]

1. d4 d5 2. Nf3 Nf6 3. Bf4 Bf5 4. e3 c6 5. Bd3 g6 6. Bxf5 gxf5 7. Ne5 e6 8. Nd2
Nbd7 9. Bg5 Rg8 10. Nxd7 Rxg5 11. Nxf8 Kxf8 12. g3 Qa5 13. c3 Ne4 14. f3 Nd6
15. Qb3 Rc8 16. Qb4 Qxb4 17. cxb4 f6 18. Rc1 Ke7 19. Kf2 h5 20. Rhg1 Rh8 21. f4
Rg4 22. Nf3 Ra8 23. a4 Kd7 24. Rc2 a5 25. b5 cxb5 26. Rgc1 Rc8 27. Rxc8 Nxc8
28. axb5 Rg8 29. Rc5 Nb6 30. Ne1 a4 31. Rc3 Rc8 32. Ra3 Kd6 33. Nd3 Rc2+ 34.
Kg1 Re2 35. Nc5 Rxb2 36. Nxb7+ Ke7 37. Rc3 Nc4 38. Nc5 a3 39. Rc1 a2 40. Rf1
0-1

[Event "Tradewise Gibraltar ChallWk2"]
[Site "Gibraltar"]
[Date "2016.02.01"]
[Round "3.14"]
[White "Romero Valencia, Fernando"]
[Black "Midonet, Mathieu"]
[Result "1/2-1/2"]
[WhiteElo "2054"]
[BlackElo "2211"]
[PlyCount "52"]
[EventDate "2016.01.30"]
[EventType "swiss"]
[EventRounds "5"]
[EventCountry "GGB"]
[SourceTitle "BritBase"]
[Source "www.saund.co.uk"]
[SourceDate "2018.02.10"]
[SourceVersion "1"]
[SourceVersionDate "2018.02.10"]
[SourceQuality "1"]

1. d4 Nf6 2. Nc3 d5 3. e4 dxe4 4. f3 exf3 5. Nxf3 e6 6. Bd3 c5 7. O-O Nc6 8.
dxc5 Bxc5+ 9. Kh1 O-O 10. a3 Ne7 11. Bg5 Ng6 12. Qe1 Bd7 13. Rd1 Qc7 14. Bxg6
hxg6 15. Ne5 Bc6 16. Nxc6 bxc6 17. Bxf6 gxf6 18. Rxf6 Bd6 19. Qh4 Be7 20. Ne4
Bxf6 21. Nxf6+ Kg7 22. Nh5+ Kh7 23. Nf6+ Kg7 24. Nh5+ Kh7 25. Nf6+ Kg7 26. Nh5+
Kh7 1/2-1/2

[Event "Tradewise Gibraltar ChallWk2"]
[Site "Gibraltar"]
[Date "2016.02.01"]
[Round "3.15"]
[White "Gonzalez Gonzalez, Alfonso"]
[Black "Calvi, Stefan"]
[Result "1-0"]
[WhiteElo "2173"]
[BlackElo "2026"]
[PlyCount "79"]
[EventDate "2016.01.30"]
[EventType "swiss"]
[EventRounds "5"]
[EventCountry "GGB"]
[SourceTitle "BritBase"]
[Source "www.saund.co.uk"]
[SourceDate "2018.02.10"]
[SourceVersion "1"]
[SourceVersionDate "2018.02.10"]
[SourceQuality "1"]

1. d4 Nf6 2. Bg5 Ne4 3. Bh4 c5 4. f3 Nf6 5. d5 Qb6 6. e4 d6 7. Nd2 Nbd7 8. Nc4
Qc7 9. a4 g6 10. Ne2 Bg7 11. Nc3 a6 12. Be2 Rb8 13. a5 b5 14. axb6 Nxb6 15. Na5
O-O 16. O-O Re8 17. f4 e6 18. dxe6 Rxe6 19. Bf3 Bd7 20. Bg3 Ne8 21. Qd2 Bb5 22.
Rfb1 Bd4+ 23. Kh1 Nf6 24. e5 dxe5 25. f5 Rd6 26. Qg5 Bxc3 27. bxc3 Nfd7 28. Qh4
Nc4 29. Nxc4 Bxc4 30. fxg6 hxg6 31. Qxc4 Rxb1+ 32. Rxb1 Kg7 33. Re1 Qb6 34. Qe2
Re6 35. Bd5 Re7 36. Bh4 f6 37. Bb3 Qc6 38. Rf1 a5 39. Bc4 e4 40. Bb5 1-0

[Event "Tradewise Gibraltar ChallWk2"]
[Site "Gibraltar"]
[Date "2016.02.01"]
[Round "3.16"]
[White "Gostelow, David W"]
[Black "Ajele, Rotimi"]
[Result "0-1"]
[WhiteElo "2023"]
[BlackElo "2163"]
[PlyCount "106"]
[EventDate "2016.01.30"]
[EventType "swiss"]
[EventRounds "5"]
[EventCountry "GGB"]
[SourceTitle "BritBase"]
[Source "www.saund.co.uk"]
[SourceDate "2018.02.10"]
[SourceVersion "1"]
[SourceVersionDate "2018.02.10"]
[SourceQuality "1"]

1. d4 Nf6 2. Nf3 g6 3. Bf4 Bg7 4. Nbd2 d5 5. e3 b6 6. Bd3 Bb7 7. O-O O-O 8. h3
Nbd7 9. Ne5 c5 10. c3 Nxe5 11. Bxe5 Rc8 12. Qe2 Bh6 13. Rfd1 Qd7 14. Bb5 Bc6
15. Ba6 Bb7 16. Bb5 Qe6 17. Ba6 Bxa6 18. Qxa6 Ra8 19. a4 Nd7 20. Bg3 Nb8 21.
Qb7 Nc6 22. dxc5 bxc5 23. Qb5 d4 24. Qxc5 dxe3 25. Re1 Rfd8 26. Nf3 Rd3 27. Ne5
Nxe5 28. Qxe5 exf2+ 29. Bxf2 Qc4 30. Qxe7 Rb8 31. Re2 Bf8 32. Qe4 Qxe4 33. Rxe4
Rxb2 34. c4 Rd6 35. Rd4 Re6 36. Rad1 Ree2 37. Rf1 Bc5 38. Rf4 Rxf2 39. R4xf2
Rc2 40. g3 Rxc4 41. Kg2 Bxf2 42. Kxf2 Rxa4 43. Ke3 Kg7 44. Rd1 h5 45. Rd3 a5
46. Kf3 Kf6 47. Rd8 Ke5 48. Kf2 Kf5 49. Rd7 Kf6 50. Rd3 Rb4 51. Ke3 a4 52. Kf2
Rb2+ 53. Ke1 Rb3 0-1

[Event "Tradewise Gibraltar ChallWk2"]
[Site "Gibraltar"]
[Date "2016.02.01"]
[Round "3.17"]
[White "Odeh, Kenneth"]
[Black "Osuna Vega, Enrique"]
[Result "1/2-1/2"]
[WhiteElo "2014"]
[BlackElo "2127"]
[PlyCount "104"]
[EventDate "2016.01.30"]
[EventType "swiss"]
[EventRounds "5"]
[EventCountry "GGB"]
[SourceTitle "BritBase"]
[Source "www.saund.co.uk"]
[SourceDate "2018.02.10"]
[SourceVersion "1"]
[SourceVersionDate "2018.02.10"]
[SourceQuality "1"]

1. Nf3 d6 2. d4 Nf6 3. c4 Nbd7 4. Nc3 e5 5. e3 g6 6. Be2 Bg7 7. O-O O-O 8. b3
Re8 9. Bb2 exd4 10. exd4 Nb8 11. b4 a6 12. a4 a5 13. b5 b6 14. Re1 Nbd7 15. Qc2
Bb7 16. d5 Nc5 17. Nd4 Nfe4 18. Nxe4 Nxe4 19. Ne6 fxe6 20. Bxg7 Kxg7 21. Qxe4
exd5 22. Qd4+ Qf6 23. Qxf6+ Kxf6 24. Bf3 Re5 25. Rxe5 dxe5 26. cxd5 Rd8 27. Rc1
Bxd5 28. Rxc7 e4 29. Be2 h6 30. Kf1 Rd6 31. Bc4 Bxc4+ 32. Rxc4 Ke5 33. Ke2 Rd4
34. Rc6 Rxa4 35. Rxg6 Ra2+ 36. Ke3 Ra3+ 37. Ke2 Ra2+ 38. Ke1 Ra1+ 39. Kd2 Ra2+
40. Kc3 Rxf2 41. Rxb6 Rxg2 42. Rxh6 Rg1 43. b6 Rb1 44. Kc4 e3 45. Kd3 Rb3+ 46.
Ke2 a4 47. Rh5+ Kd6 48. Ra5 a3 49. h4 Kc6 50. Ra8 Rb2+ 51. Kxe3 Rh2 52. Kf4
Rxh4+ 1/2-1/2

[Event "Tradewise Gibraltar ChallWk2"]
[Site "Gibraltar"]
[Date "2016.02.01"]
[Round "3.18"]
[White "Samaganova, Alexandra"]
[Black "Omoifo, Osemekhian I"]
[Result "1/2-1/2"]
[WhiteElo "1992"]
[BlackElo "2106"]
[PlyCount "155"]
[EventDate "2016.01.30"]
[EventType "swiss"]
[EventRounds "5"]
[EventCountry "GGB"]
[SourceTitle "BritBase"]
[Source "www.saund.co.uk"]
[SourceDate "2018.02.10"]
[SourceVersion "1"]
[SourceVersionDate "2018.02.10"]
[SourceQuality "1"]

1. c4 e5 2. Nc3 Nc6 3. g3 g6 4. Bg2 Bg7 5. e3 Nge7 6. Nge2 f5 7. d4 d6 8. Rb1
O-O 9. b4 Kh8 10. b5 Nb8 11. dxe5 Bxe5 12. Bb2 Nd7 13. Nf4 Nc5 14. h4 Rb8 15.
Ncd5 Bxb2 16. Rxb2 Nxd5 17. Nxd5 h6 18. O-O Be6 19. Qd4+ Kh7 20. Rd1 Bxd5 21.
Qxd5 Qf6 22. Rc2 Rbe8 23. Qd4 Qe5 24. Rc3 Qe7 25. Ra3 Ra8 26. Re1 Rfe8 27. Bd5
Qg7 28. Qd2 Qf6 29. Kg2 Kg7 30. Rd1 Reb8 31. Qd4 a6 32. Rb1 axb5 33. Rxa8 Rxa8
34. cxb5 Ra4 35. Qd2 b6 36. Bb3 Ra8 37. Qd5 Re8 38. Rc1 h5 39. Rc2 Qe7 40. Qc6
Qe4+ 41. Qxe4 Rxe4 42. Bd5 Rb4 43. Bc6 Kf7 44. Kf3 Ke7 45. Ke2 Na4 46. Kd2 Rb2
47. Rxb2 Nxb2 48. Bd5 Na4 49. Bc6 Nc5 50. Kc3 Ke6 51. Kc4 Nd7 52. Kd3 Nf8 53.
Kd4 Nh7 54. Bd5+ Ke7 55. Kd3 Nf6 56. Bf3 Ng8 57. Bc6 Ke6 58. f3 Ne7 59. Be8 Kd5
60. e4+ fxe4+ 61. fxe4+ Ke5 62. Bd7 Ng8 63. Be8 Kf6 64. Kd4 Ne7 65. a3 Ke6 66.
a4 Kf6 67. Bd7 Kf7 68. e5 dxe5+ 69. Kxe5 g5 70. hxg5 Kg6 71. Be8+ Kxg5 72. Ke6
Nf5 73. Kd7 Nd6 74. Bxh5 Kxh5 75. Kxc7 Nc4 76. Kc6 Kg4 77. a5 bxa5 78. Kc5
1/2-1/2

[Event "Tradewise Gibraltar ChallWk2"]
[Site "Gibraltar"]
[Date "2016.02.01"]
[Round "3.19"]
[White "Martin Macias, Daniel"]
[Black "Harding, Tim D"]
[Result "1-0"]
[WhiteElo "2104"]
[BlackElo "2006"]
[PlyCount "84"]
[EventDate "2016.01.30"]
[EventType "swiss"]
[EventRounds "5"]
[EventCountry "GGB"]
[SourceTitle "BritBase"]
[Source "www.saund.co.uk"]
[SourceDate "2018.02.10"]
[SourceVersion "1"]
[SourceVersionDate "2018.02.10"]
[SourceQuality "1"]

1. Nf3 Nf6 2. g3 c5 3. Bg2 Nc6 4. O-O d5 5. d3 e6 6. Nbd2 Be7 7. e4 O-O 8. c3
Qc7 9. Qe2 b5 10. Re1 a5 11. a4 Ba6 12. exd5 exd5 13. axb5 Bxb5 14. c4 Ba6 15.
cxd5 Nxd5 16. Ne5 Nd4 17. Qd1 Bb7 18. Nb3 Nb4 19. Bxb7 Qxb7 20. Nxd4 cxd4 21.
Nc4 Nc6 22. Qf3 Bb4 23. Re4 Rfe8 24. Bf4 Ne7 25. Kg2 Red8 26. Be5 f5 27. Rxd4
Qxf3+ 28. Kxf3 Rxd4 29. Bxd4 Rd8 30. Ke3 Nd5+ 31. Ke2 Re8+ 32. Be5 Ra8 33. Ne3
Nxe3 34. fxe3 Rc8 35. Kd1 g5 36. Rc1 Rxc1+ 37. Kxc1 Kf7 38. Bc3 Bc5 39. e4 f4
40. gxf4 gxf4 41. Kd1 f3 42. d4 Be7 1-0

[Event "Tradewise Gibraltar ChallWk2"]
[Site "Gibraltar"]
[Date "2016.02.01"]
[Round "3.20"]
[White "George, Lolomari Erekosima"]
[Black "Nordquelle, Daniel"]
[Result "1-0"]
[WhiteElo "1937"]
[BlackElo "2102"]
[PlyCount "67"]
[EventDate "2016.01.30"]
[EventType "swiss"]
[EventRounds "5"]
[EventCountry "GGB"]
[SourceTitle "BritBase"]
[Source "www.saund.co.uk"]
[SourceDate "2018.02.10"]
[SourceVersion "1"]
[SourceVersionDate "2018.02.10"]
[SourceQuality "1"]

1. Nf3 f5 2. g3 Nf6 3. Bg2 g6 4. b3 Bg7 5. Bb2 O-O 6. d4 d6 7. O-O c6 8. Nbd2
Qe8 9. c4 Nbd7 10. Qc2 e5 11. dxe5 dxe5 12. e4 f4 13. Rae1 Nh5 14. Rd1 h6 15.
g4 Nhf6 16. h3 Qe7 17. Qc3 Re8 18. b4 b6 19. c5 bxc5 20. bxc5 Ba6 21. Rfe1 Nh7
22. Qa5 Bc8 23. Nc4 Nhf8 24. Nd6 Rd8 25. Bf1 Kh7 26. Bc4 Bf6 27. Nf7 Re8 28.
Rd6 Bb7 29. Red1 Kg7 30. Bb3 Kh7 31. Qc3 Rac8 32. Qc4 h5 33. g5 Bh8 34. Nxh8
1-0

[Event "Tradewise Gibraltar ChallWk2"]
[Site "Gibraltar"]
[Date "2016.02.01"]
[Round "3.21"]
[White "Boron, Anthony"]
[Black "Pabalan, Rocky"]
[Result "0-1"]
[WhiteElo "1915"]
[BlackElo "2089"]
[PlyCount "64"]
[EventDate "2016.01.30"]
[EventType "swiss"]
[EventRounds "5"]
[EventCountry "GGB"]
[SourceTitle "BritBase"]
[Source "www.saund.co.uk"]
[SourceDate "2018.02.10"]
[SourceVersion "1"]
[SourceVersionDate "2018.02.10"]
[SourceQuality "1"]

1. d4 Nf6 2. Bg5 c5 3. d5 Ne4 4. Bh4 Qb6 5. Qc1 Qb4+ 6. c3 Nxc3 7. Nxc3 Qxh4 8.
Nf3 Qb4 9. a3 Qb6 10. Ne5 d6 11. Nc4 Qd8 12. e4 g6 13. f4 Bg7 14. e5 O-O 15.
Qe3 Nd7 16. O-O-O Nb6 17. h4 Bg4 18. Rd2 h5 19. Qg3 Nxc4 20. Bxc4 dxe5 21. Qf2
exf4 22. Qxf4 Qd6 23. g3 Kh7 24. Qxd6 exd6 25. Rf2 Bxc3 26. bxc3 Rae8 27. Kd2
a6 28. a4 Re4 29. Bb3 c4 30. Ba2 b5 31. axb5 axb5 32. Rhf1 f5 0-1

[Event "Tradewise Gibraltar ChallWk2"]
[Site "Gibraltar"]
[Date "2016.02.01"]
[Round "3.22"]
[White "Mohorea, Vasile"]
[Black "Burke, Mitchell R"]
[Result "1-0"]
[WhiteElo "2087"]
[BlackElo "2002"]
[PlyCount "59"]
[EventDate "2016.01.30"]
[EventType "swiss"]
[EventRounds "5"]
[EventCountry "GGB"]
[SourceTitle "BritBase"]
[Source "www.saund.co.uk"]
[SourceDate "2018.02.10"]
[SourceVersion "1"]
[SourceVersionDate "2018.02.10"]
[SourceQuality "1"]

1. d4 Nf6 2. Nf3 g6 3. Bf4 Bg7 4. e3 O-O 5. h3 d6 6. Be2 Nbd7 7. O-O c5 8. Nbd2
b6 9. a4 a6 10. c3 Bb7 11. Re1 Nd5 12. Bh2 Nc7 13. Qb3 Bd5 14. c4 Bxf3 15. Nxf3
a5 16. Rad1 Ne6 17. Bf1 Rb8 18. Qc2 Qc8 19. d5 Nc7 20. e4 Ne8 21. b3 Ne5 22.
Nd2 g5 23. Re3 Ng6 24. Nf3 h6 25. e5 Rb7 26. Rde1 dxe5 27. Nxe5 Bxe5 28. Bxe5
f5 29. Bh2 Nf6 30. Bd3 1-0

[Event "Tradewise Gibraltar ChallWk2"]
[Site "Gibraltar"]
[Date "2016.02.01"]
[Round "3.23"]
[White "Burrows, Zachary"]
[Black "Vardi, Shlomit"]
[Result "0-1"]
[WhiteElo "2074"]
[BlackElo "1966"]
[PlyCount "80"]
[EventDate "2016.01.30"]
[EventType "swiss"]
[EventRounds "5"]
[EventCountry "GGB"]
[SourceTitle "BritBase"]
[Source "www.saund.co.uk"]
[SourceDate "2018.02.10"]
[SourceVersion "1"]
[SourceVersionDate "2018.02.10"]
[SourceQuality "1"]

1. e4 d6 2. d4 g6 3. Nc3 Bg7 4. Be3 a6 5. Qd2 b5 6. Bd3 Bb7 7. f3 Nd7 8. Nh3 c5
9. dxc5 dxc5 10. O-O Rc8 11. a3 e6 12. Rad1 Ngf6 13. g4 h5 14. g5 Ng8 15. Qf2
c4 16. Be2 Qc7 17. Rd2 Bc6 18. Rfd1 Ne7 19. Bc5 Nxc5 20. Qxc5 O-O 21. Qd6 Qxd6
22. Rxd6 Be5 23. R6d2 a5 24. Bf1 Rb8 25. Nb1 Bc7 26. c3 Rfc8 27. Bg2 b4 28.
axb4 Ba4 29. Re1 axb4 30. cxb4 Rxb4 31. Nc3 Be8 32. Bf1 Rcb8 33. Ree2 Nc6 34.
f4 Bb6+ 35. Kh1 Nd4 36. Rg2 Nf3 37. Rd1 Bc5 38. Na2 Rxb2 39. Bxc4 Kf8 40. Nc3
Ke7 0-1

[Event "Tradewise Gibraltar ChallWk2"]
[Site "Gibraltar"]
[Date "2016.02.01"]
[Round "3.24"]
[White "Henderson De La Fuente, Andrea"]
[Black "Dasaolu, Rotimi"]
[Result "1-0"]
[WhiteElo "1866"]
[BlackElo "2060"]
[PlyCount "77"]
[EventDate "2016.01.30"]
[EventType "swiss"]
[EventRounds "5"]
[EventCountry "GGB"]
[SourceTitle "BritBase"]
[Source "www.saund.co.uk"]
[SourceDate "2018.02.10"]
[SourceVersion "1"]
[SourceVersionDate "2018.02.10"]
[SourceQuality "1"]

1. e4 d5 2. exd5 Qxd5 3. Nc3 Qa5 4. Bc4 Nf6 5. d3 c6 6. Nge2 Bg4 7. f3 Bf5 8.
O-O e6 9. Ng3 Bg6 10. Kh1 Nbd7 11. Bd2 Qc7 12. f4 Bd6 13. Nce4 Be7 14. f5 exf5
15. Nxf5 Bxf5 16. Rxf5 O-O 17. Qf3 Nd5 18. Qh3 N7f6 19. Raf1 Qd7 20. Qg3 Kh8
21. Ng5 h6 22. Ne4 Rae8 23. Qh3 Kh7 24. Bxd5 cxd5 25. Nxf6+ Bxf6 26. Qh5 Re6
27. Rxd5 Qa4 28. Rdf5 Qxc2 29. Bb4 Rfe8 30. Qxf7 Qxb2 31. Bf8 Re1 32. Bc5 Rxf1+
33. Rxf1 Qe5 34. d4 Qe2 35. Rg1 b6 36. Bd6 Bxd4 37. Qf5+ Kg8 38. Qd5+ Qe6 39.
Qxd4 1-0

[Event "Tradewise Gibraltar ChallWk2"]
[Site "Gibraltar"]
[Date "2016.02.01"]
[Round "3.25"]
[White "Palmqvist, Fredrik"]
[Black "Lafortune, Emerick"]
[Result "1/2-1/2"]
[WhiteElo "2080"]
[BlackElo "1923"]
[PlyCount "67"]
[EventDate "2016.01.30"]
[EventType "swiss"]
[EventRounds "5"]
[EventCountry "GGB"]
[SourceTitle "BritBase"]
[Source "www.saund.co.uk"]
[SourceDate "2018.02.10"]
[SourceVersion "1"]
[SourceVersionDate "2018.02.10"]
[SourceQuality "1"]

1. e4 e5 2. Nf3 Nc6 3. Bc4 Bc5 4. O-O Nf6 5. d4 Nxd4 6. Nxe5 O-O 7. Be3 d5 8.
exd5 b5 9. Bxd4 Bxd4 10. Qxd4 bxc4 11. Nc3 Ba6 12. Nxc4 Nxd5 13. Rfd1 Nf6 14.
Qc5 Qc8 15. Ne3 Re8 16. h3 h6 17. Ncd5 Nxd5 18. Nxd5 Qb7 19. Qxc7 Qxb2 20. Qa5
Be2 21. Re1 Re5 22. Qc3 Rb8 23. Qxb2 Rxb2 24. Ne3 Ba6 25. Reb1 Reb5 26. Rxb2
Rxb2 27. Kh2 Bc8 28. g4 Be6 29. a3 Bd7 30. Rd1 Be6 31. Kg3 Rb5 32. Rd4 Ra5 33.
Rd3 Rc5 34. Rd4 1/2-1/2

[Event "Tradewise Gibraltar ChallWk2"]
[Site "Gibraltar"]
[Date "2016.02.01"]
[Round "3.26"]
[White "Ebner, Johann"]
[Black "Toval Lopez, Alberto"]
[Result "1/2-1/2"]
[WhiteElo "2036"]
[BlackElo "1952"]
[PlyCount "77"]
[EventDate "2016.01.30"]
[EventType "swiss"]
[EventRounds "5"]
[EventCountry "GGB"]
[SourceTitle "BritBase"]
[Source "www.saund.co.uk"]
[SourceDate "2018.02.10"]
[SourceVersion "1"]
[SourceVersionDate "2018.02.10"]
[SourceQuality "1"]

1. d4 Nf6 2. c4 g6 3. Nc3 d5 4. Bf4 Bg7 5. Nf3 e6 6. e3 O-O 7. Be2 c6 8. c5 Re8
9. O-O Nfd7 10. Bd6 e5 11. dxe5 Nxe5 12. Nxe5 Bxe5 13. Bxe5 Rxe5 14. Qd4 Qe7
15. Bf3 Nd7 16. b4 h5 17. e4 dxe4 18. Nxe4 Nf6 19. Nxf6+ Qxf6 20. Rae1 Re6 21.
Qxf6 Rxf6 22. Re8+ Kg7 23. Rd1 Re6 24. Rdd8 Bd7 25. Rxa8 Rxe8 26. Rxe8 Bxe8 27.
Kf1 Kf6 28. Ke2 Ke5 29. Kd3 f5 30. h4 Bf7 31. a3 Bd5 32. Bxd5 Kxd5 33. Kc3 f4
34. f3 a6 35. Kd3 a5 36. Kc3 axb4+ 37. axb4 Ke5 38. Kc4 Ke6 39. Kd4 1/2-1/2

[Event "Tradewise Gibraltar ChallWk2"]
[Site "Gibraltar"]
[Date "2016.02.01"]
[Round "3.27"]
[White "Suez-Panama, Gilles"]
[Black "Mircov, Nicola-Alexandar"]
[Result "1-0"]
[WhiteElo "2032"]
[BlackElo "1944"]
[PlyCount "65"]
[EventDate "2016.01.30"]
[EventType "swiss"]
[EventRounds "5"]
[EventCountry "GGB"]
[SourceTitle "BritBase"]
[Source "www.saund.co.uk"]
[SourceDate "2018.02.10"]
[SourceVersion "1"]
[SourceVersionDate "2018.02.10"]
[SourceQuality "1"]

1. d4 d5 2. Nf3 e6 3. c4 c5 4. cxd5 exd5 5. g3 Nc6 6. Bg2 Nf6 7. Nc3 Be7 8. O-O
O-O 9. dxc5 Bxc5 10. Bg5 d4 11. Ne4 Be7 12. Bxf6 Bxf6 13. Nxf6+ Qxf6 14. Ne1
Re8 15. Nd3 Bg4 16. Re1 Re7 17. h3 Bf5 18. Nf4 Qd6 19. a3 g5 20. Nd5 Re5 21. e4
Rae8 22. Ne3 Bxe4 23. Nc4 Qd5 24. Nxe5 Bxg2 25. Nxc6 Rxe1+ 26. Qxe1 bxc6 27.
Kh2 Be4 28. Qd2 c5 29. Re1 Qf5 30. Rxe4 Qxe4 31. Qxg5+ Kh8 32. Qxc5 d3 33. Qf8#
1-0

[Event "Tradewise Gibraltar ChallWk2"]
[Site "Gibraltar"]
[Date "2016.02.01"]
[Round "3.28"]
[White "Ramirez Dominguez, Agustin"]
[Black "Slinger, Tony J"]
[Result "1-0"]
[WhiteElo "2011"]
[BlackElo "1915"]
[PlyCount "91"]
[EventDate "2016.01.30"]
[EventType "swiss"]
[EventRounds "5"]
[EventCountry "GGB"]
[SourceTitle "BritBase"]
[Source "www.saund.co.uk"]
[SourceDate "2018.02.10"]
[SourceVersion "1"]
[SourceVersionDate "2018.02.10"]
[SourceQuality "1"]

1. e4 c5 2. Nf3 d6 3. d4 cxd4 4. c3 Nf6 5. e5 dxe5 6. Nxe5 e6 7. cxd4 Nbd7 8.
Bb5 Be7 9. O-O O-O 10. Qe2 Nb6 11. Rd1 Bd7 12. Nxd7 Nbxd7 13. Nc3 Nb6 14. Bf4
Nbd5 15. Be5 Rc8 16. Ne4 Nxe4 17. Qxe4 Qb6 18. Bd3 g6 19. Qe2 Bf6 20. Bxf6 Nxf6
21. Bc4 Rfd8 22. b3 Rxd4 23. Rxd4 Qxd4 24. Rd1 Qb6 25. Qf3 Rd8 26. Rxd8+ Qxd8
27. Qxb7 Qd4 28. Qf3 Qa1+ 29. Bf1 Nd5 30. a4 Nc3 31. g3 Nb1 32. Qd1 Qb2 33. Kg2
Nd2 34. Bc4 Nxc4 35. bxc4 Qa2 36. Qd8+ Kg7 37. Qd4+ Kg8 38. c5 Qc2 39. Qb4 h5
40. h4 Qd3 41. Qb8+ Kh7 42. Qxa7 Qe4+ 43. Kh2 Qf3 44. c6 Qxc6 45. Qxf7+ Kh6 46.
Qg8 1-0

[Event "Tradewise Gibraltar ChallWk2"]
[Site "Gibraltar"]
[Date "2016.02.01"]
[Round "3.29"]
[White "Maloberti, David"]
[Black "Bonillo Coll, Alex"]
[Result "1-0"]
[WhiteElo "2006"]
[BlackElo "1835"]
[PlyCount "61"]
[EventDate "2016.01.30"]
[EventType "swiss"]
[EventRounds "5"]
[EventCountry "GGB"]
[SourceTitle "BritBase"]
[Source "www.saund.co.uk"]
[SourceDate "2018.02.10"]
[SourceVersion "1"]
[SourceVersionDate "2018.02.10"]
[SourceQuality "1"]

1. d4 d6 2. c4 e5 3. d5 f5 4. Nc3 Be7 5. e4 Nf6 6. Bd3 f4 7. Bd2 Nbd7 8. Qe2
Nc5 9. Bc2 a5 10. O-O-O Bg4 11. f3 Bh5 12. g3 g5 13. h4 Bg6 14. hxg5 Nh5 15.
Rxh5 Bxh5 16. Qh2 Bg6 17. gxf4 exf4 18. Qxf4 Qd7 19. Qg3 O-O-O 20. Nge2 Rdg8
21. Rh1 Qd8 22. f4 Nd7 23. Qe3 Kb8 24. Nb5 b6 25. Bxa5 bxa5 26. Qa7+ Kc8 27.
Qa6+ Kb8 28. Ned4 Ne5 29. Nc6+ Nxc6 30. dxc6 Qc8 31. Qa7# 1-0

[Event "Tradewise Gibraltar ChallWk2"]
[Site "Gibraltar"]
[Date "2016.02.01"]
[Round "3.30"]
[White "Tranter, Stephen"]
[Black "Lawson, Dominic Ralph"]
[Result "1/2-1/2"]
[WhiteElo "1952"]
[BlackElo "1988"]
[PlyCount "30"]
[EventDate "2016.01.30"]
[EventType "swiss"]
[EventRounds "5"]
[EventCountry "GGB"]
[SourceTitle "BritBase"]
[Source "www.saund.co.uk"]
[SourceDate "2018.02.10"]
[SourceVersion "1"]
[SourceVersionDate "2018.02.10"]
[SourceQuality "1"]

1. f4 d5 2. Nf3 g6 3. e3 Bg7 4. Be2 Nh6 5. O-O O-O 6. d3 c6 7. c3 Nd7 8. e4
dxe4 9. dxe4 Qb6+ 10. Kh1 Ng4 11. Nd4 e5 12. Bxg4 exd4 13. cxd4 Bxd4 14. Nc3
Bg7 15. Qe2 Nf6 1/2-1/2